Julio-Claudian Family Tree - Statistics

General Stats
  • This quiz has been taken 182 times
  • The average score is 16 of 23
Answer Stats
Died Description Answer % Correct
14 CE 1st Emperor of Rome Gaius Julius Caesar Octavianus (AUGUSTUS)
95%
44 BCE Dictator for Life Gaius JULIUS CAESAR
94%
68 CE 5th Emperor of Rome Tiberius Claudius NERO
93%
41 CE 3rd Emperor of Rome Gaius Julius Caesar "CALIGULA"
92%
37 CE 2nd Emperor of Rome TIBERIUS Claudius Nero
91%
54 CE 4th Emperor of Rome Tiberius CLAUDIUS Drusus Nero
86%
62 CE 1st Wife of Nero Claudia OCTAVIA (Augusta)
84%
14 CE Daughter of Octavian; Wife of Tiberius JULIA Caesaris "Elder"
82%
11 BCE Sister of Octavian; Wife of Antony OCTAVIA "Younger"
82%
59 CE 4th Wife of Claudius; Mother of Nero Julia AGRIPPINA "Younger"
79%
33 CE Daughter of Agrippa; Mother of Caligula Vipsania AGRIPPINA "Elder"
79%
19 CE Brother of Claudius; Father of Caligula GERMANICUS Tiberius Claudius Nero (Julius Caesar)
75%
12 BCE Husband of Julia; Octavian's right hand Marcus Vipsanius AGRIPPA
74%
29 CE Wife of Augustus; Mother of Tiberius LIVIA Drusilla (Julia Augusta)
73%
30 BCE Father of Antonia Major and Antonia Minor Marcus Antonius "MARC ANTONY"
62%
9 BCE Father of Claudius; Brother of Tiberius Nero Claudius Drusus "Elder"
62%
23 CE Only natural son of Tiberius Nero Claudius DRUSUS (Julius Caesar)
62%
38 CE Caligula's favorite sister Julia DRUSILLA
55%
48 CE 3rd Wife of Claudius, Mother of Britannicus Valeria MESSALINA
50%
43 BCE Niece of Caesar; Mother of Octavian ATIA Balba Caesonia
39%
31 CE Niece and Daughter-in-Law of Tiberius Claudia Livia Julia "LIVILLA"
34%
40 CE Grandson of Antony; Father of Nero Gnaeus Domitius AHENOBARBUS
34%
65 CE 2nd Wife of Nero POPPAEA (Augusta) SABINA
34%
No matching quizzes found
Score Distribution
Percent of People with Each Score
Percentile by Number Answered
Your Score History
You have not taken this quiz